VİYANA KAPILARINDA (Kayıt no. 853427)

MARC ayrıntıları
000 -LEADER
sabit uzunluktaki kontrol alanı 00256nam a2200097Ia 4500
001 - KONTROL NUMARASI
kontrol alanı 853427
005 - EN SON İŞLEMİN TARİH VE ZAMANI
kontrol alanı 20250826174532.0
008 - SABİT-UZUNLUKTA VERİ ÖĞELERİ--GENEL BİLGİ
sabit uzunluktaki kontrol alanı 250824s9999 xx 000 0 und d
245 #0 - ESER / YAZAR
ESER ADI VİYANA KAPILARINDA
Yazar Adı OKTAY TİRYAKİOĞLU
260 ## - YAYIN, DAĞITIM, VB.
YAYIN EVİ GENÇ TİMAŞ YAYINLARI
Mevcut
Düşüm durumu Kayıp durumu Hasar Durumu Ödünç verilmez Ana kütüphane Geçerli Kütüphane Edinilen tarih Toplam ödünç verme sayısı Barkod Son görüntüleme tarihi Fiyatın geçerli olmaya başladığı tarih Koha materyal türü
        ADNAN HADİYE SÜRMEGÖZ ORTAOKULU ADNAN HADİYE SÜRMEGÖZ ORTAOKULU 24.08.2025   105910243 26.08.2025 26.08.2025 Kitaplar
Gemini Bilgi Teknolojileri A.Ş. tarafından düzenlenmiştir.